| 000 | 00451nam a2200169Ia 4500 | ||
|---|---|---|---|
| 008 | 100412t2002 xxu||||| |||| 00| 0 sin d | ||
| 041 | _asin | ||
| 080 |
_aX8S31 _bSEN |
||
| 100 | _aSenevirathna, Jayakody | ||
| 245 | _aදූ කුමරිය | ||
| 246 | _aDu Kumariya ( LIB / 63 / 6 / 26 ) | ||
| 260 |
_bDayawansa Jayakody _aColombo _c2002 |
||
| 300 | _a270p., 21 cm | ||
| 942 | _cBK | ||
| 999 |
_c71866 _d71866 |
||
| 003 | LK-CoDNM | ||
| 040 |
_aLK-CoDNM _dLK-CoDNM _eLK-CoDNM |
||